A Victorious Quiz - Statistics

General Stats
  • This quiz has been taken 13,061 times
    13,041 since last reset
  • The average score is 12 of 20
Answer Stats
Hint Answer % Correct
Fictional doctor who re-animated a corpse Victor Frankenstein
87%
Famous lingerie retailer that had a fashion show from 1995–2018 Victoria's Secret
84%
Victoria Beckham's nickname with the Spice Girls {Posh} Spice
79%
Author of "Les Misérables" and "The Hunchback of Notre-Dame" Victor Hugo
78%
Greek goddess of victory, now an apparel company Nike
71%
Britain's most prestigious military award Victoria {Cross}
70%
Capital of the Australian state of Victoria Melbourne
69%
What V-J day celebrates Victory over {Japan}
66%
African island nation whose capital is Victoria Seychelles
65%
Admiral who sailed aboard the HMS Victory at the Battle of Trafalgar Horatio Nelson
64%
Sport in which Victoria Azarenka excels Tennis
61%
Canadian province whose capital is Victoria British Columbia
54%
European country whose crown princess is named Victoria Sweden
54%
John Hanning Speke was the first European to document this place in 1858 {Lake} Victoria
50%
Country in which two candidates named Viktor ran against each other in 2004 Ukraine
45%
Famous, but apocryphal, Queen Victoria quote We are not {amused}
44%
Hungarian Prime Minister since 2010 who has been accused of undermining democracy Viktor Orbán
43%
River on which the Victoria Falls sits Zambezi
42%
A victory that is so costly that the losses outweigh the gains {Pyrrhic} victory
40%
First king of a unified Italy Victor Emmanuel II
31%
No matching quizzes found
Score Distribution
Percent of People with Each Score
Percentile by Number Answered
Your Score History
You have not taken this quiz since the last reset